Principles & practice of accounting/ (Record no. 198844)

MARC details
000 -LEADER
fixed length control field 00617nam a22002057a 4500
005 - DATE AND TIME OF LATEST TRANSACTION
control field 20231108122847.0
010 ## - LCCN (DPL NO)
LC control number ENG-138298
020 ## - INTERNATIONAL STANDARD BOOK NUMBER
International Standard Book Number 97893566223172
Terms of availability 875.00
035 ## - SYSTEM CONTROL NUMBER
System control number EN-121830
037 ## - SOURCE OF ACQUISITION
Source of stock number/acquisition DBAD/PUB
082 ## - DEWEY DECIMAL CLASSIFICATION NUMBER
Classification number 657.48
100 ## - MAIN ENTRY--PERSONAL NAME
Personal name Sharma, D G
245 ## - TITLE STATEMENT
Title Principles & practice of accounting/
Statement of responsibility, etc By D G Sharma and S K Agrawal
250 ## - EDITION STATEMENT
Edition statement 3rd
260 ## - PUBLICATION, DISTRIBUTION, ETC. (IMPRINT)
Name of publisher, distributor, etc Taxmann Publications
Date of publication, distribution, etc 2022
Place of publication, distribution, etc New Delhi
270 ## - ADDRESS
Address 59/32 New rohtak road
City New Delhi
Postal code 110005
300 ## - PHYSICAL DESCRIPTION
Extent 400p.
Dimensions 27cm(pbk)
700 ## - ADDED ENTRY--PERSONAL NAME
Personal name S K Agrawal
Relator term 2nd author
9 (RLIN) 58006
942 ## - ADDED ENTRY ELEMENTS (KOHA)
Source of classification or shelving scheme Dewey Decimal Classification
Item type English Books
Classification part 657.48
Call number suffix SHA
Holdings
Withdrawn status Lost status Not for loan Collection code Home library Current library Date acquired Source of acquisition Cost, normal purchase price Full call number Barcode Copy number Cost, replacement price Koha item type
      Non-fiction Bawana Bawana 25/10/2023 DBAD/PUB 875.00 657.48 SHA EN-121830 1 875.00 English Books

© Delhi Public Library
Hit Counter
free hit counter